| 000 | 00748nam a22002417a 4500 | ||
|---|---|---|---|
| 003 | BUBTL | ||
| 008 | 240313b ||||| |||| 00| 0 eng d | ||
| 020 | _a042189380x | ||
| 041 | _aEnglish | ||
| 082 | _a340/ B7291h/ 2005 | ||
| 100 |
_95737 _aBradney, Anthony |
||
| 245 |
_aHow to Study Law/ _bAnthony Bradney, Fiona Cownie and Judith Masson Alan C. Neal and David Newell |
||
| 250 | _a5th ed. | ||
| 260 |
_aLondon _bThomson Sweet & Maxwell _cc2005 |
||
| 300 |
_a260 p . : _bill. ; 24 cm. |
||
| 500 | _aIncludes Index. | ||
| 526 | _aLaw | ||
| 650 | 0 |
_926 _aLaw |
|
| 700 |
_95739 _aFiona Cownie and Judith Masson Alan C. Neal and David Newell |
||
| 856 |
_k0 _l0 _yDownload |
||
| 942 |
_2ddc _cBK |
||
| 999 |
_c7261 _d7261 |
||